Indianization of scientific terms: (Record no. 210193)
[ view plain ]
| 000 -LEADER | |
|---|---|
| fixed length control field | 01842nam a22002057a 4500 |
| 005 - DATE AND TIME OF LATEST TRANSACTION | |
| control field | 20250310114437.0 |
| 010 ## - LCCN (DPL NO) | |
| LC control number | ENG-144065 |
| 020 ## - INTERNATIONAL STANDARD BOOK NUMBER | |
| Terms of availability | 3600.00 |
| International Standard Book Number | 9788194538707 |
| 035 ## - SYSTEM CONTROL NUMBER | |
| System control number | EN-127597 |
| 037 ## - SOURCE OF ACQUISITION | |
| Source of stock number/acquisition | DBAD |
| 082 ## - DEWEY DECIMAL CLASSIFICATION NUMBER | |
| Classification number | 409.54 |
| 245 ## - TITLE STATEMENT | |
| Title | Indianization of scientific terms: |
| Remainder of title | writings and notes of the late Prof. RaghuVira/ |
| Statement of responsibility, etc | Edited by Lokesh Chandra |
| 250 ## - EDITION STATEMENT | |
| Edition statement | 1 |
| 260 ## - PUBLICATION, DISTRIBUTION, ETC. (IMPRINT) | |
| Place of publication, distribution, etc | New Delhi |
| Name of publisher, distributor, etc | Aditya Prakashan |
| Date of publication, distribution, etc | 2020 |
| 270 ## - ADDRESS | |
| City | New Delhi |
| Postal code | 110002 |
| Address | 2/18, Ansari Road |
| Electronic mail address | contact@adityaprakashan.com |
| 300 ## - PHYSICAL DESCRIPTION | |
| Extent | 390p. |
| Dimensions | 29cm.(Hb) |
| Other physical details | ill. |
| 500 ## - GENERAL NOTE | |
| General note | Modern science has created around a million words in European languages. As India gained independence it became imperative to create terms for administration, industry, humanistic and scientific disciplines. It was a continuation of a long tradition of linguistic creativity. This book is a collection of the writeups of Prof. RaghuVira who was the prime `maker of Indian words'. The source languages of European terminologies Greek and Latin shared the same grammatical basis of word-formation from roots with prefixes and suffixes like Sanskrit the historical source language of India. Language as a process of evolution, creation of Japanese and Chinese terminologies, the linguistic reform in Turkish, rejuvenation of Hebrew, the development of Hindi as the official language, principles of coining Indian terms, the art of translation, improvement in Indian terms due to scientific advances, and several facets of the linguistic revolution in newly liberated countries can be read in this book in the very words of Prof. RaghuVira the creator of India's macrocosm of linguistic evolution. The book is a thrilling narrative of India's logos, with parallels from other lands. |
| 700 ## - ADDED ENTRY--PERSONAL NAME | |
| Personal name | Chandra, Lokesh |
| Relator term | Editor |
| 9 (RLIN) | 79454 |
| 942 ## - ADDED ENTRY ELEMENTS (KOHA) | |
| Source of classification or shelving scheme | Dewey Decimal Classification |
| Item type | English Books |
| Call number suffix | IND |
| Classification part | 409.54 |
| Edition | 1 |
| Withdrawn status | Lost status | Not for loan | Collection code | Home library | Current library | Date acquired | Source of acquisition | Cost, normal purchase price | Full call number | Barcode | Copy number | Cost, replacement price | Koha item type |
|---|---|---|---|---|---|---|---|---|---|---|---|---|---|
| Not For Loan | Reference | Central Library | Central Library | 10/03/2025 | Delivery of Books Act Division | 3600.00 | IND 409.54 | EN-127597 | 1 | 3600.00 | English Books |
